header

Discourse and word order (Record no. 121719)

MARC details
000 -LEADER
fixed length control field 01395nam a2200373Ia 4500
100 1# - MAIN ENTRY--AUTHOR NAME
Personal name Yokoyama, Olga Tsuneko.
245 10 - TITLE STATEMENT
Title Discourse and word order
260 ## - PUBLICATION, DISTRIBUTION, ETC. (IMPRINT)
Place of publication Amsterdam ;
-- Philadelphia :
Name of publisher J. Benjamins Pub. Co.,
Year of publication 1986.
300 ## - PHYSICAL DESCRIPTION
Number of Pages x, 361 p. :
Other physical details ill.
490 1# - SERIES STATEMENT
Series statement Pragmatics & beyond companion series ;
650 #0 - SUBJECT ADDED ENTRY--TOPICAL TERM
Topical Term Discourse analysis.
Topical Term Speech acts (Linguistics)
Topical Term Pragmatics.
Topical Term Communicative competence.
Topical Term Russian language
856 40 - ELECTRONIC LOCATION AND ACCESS
Uniform Resource Identifier http://site.ebrary.com/lib/rucke/Doc?id=10515895

No items available.

© 2026 Rongo University
Contact us: librarian | system librarian | Rongo university